| 000 | 00432nam a2200181Ia 4500 | ||
|---|---|---|---|
| 001 | 16271 | ||
| 005 | 20260306170257.0 | ||
| 008 | 260306t2015||||xx |||||||||||||| ||und|| | ||
| 041 | _aESP | ||
| 082 |
_a347.51 _bS71 |
||
| 100 |
_aSoto Coaguila, Carlos Alberto _eAUT |
||
| 245 | 0 | _aFusiones & adquisiciones | |
| 260 | _c2015 | ||
| 300 |
_a415 páginas : _c23 cm. |
||
| 650 | _aGEN | ||
| 654 | _aCDE | ||
| 942 |
_cLIB _dJUS _fJUS _2ddc _n |
||
| 999 |
_c16271 _d16271 |
||